000 00637nam a22001935i 4500
001 156321
003 ES-MaACL
005 20250820094843.0
008 040915s1861 fr |||| | fre d
040 _aCAM
_bspa
_cCAM
110 2 _aJesuitas
_95348
245 1 0 _aMonita secreta Societatis Jesu
_b: instruction secrètees des Jésuites : suivies de pièces justificatives.
250 _aNouvelle éd.
260 _aParis :
_bE. Dentu libraire-éditeur,
_c1861 (
_fImp. de L. Tinterlin)
300 _a120 p. ;
_c18 cm.
610 2 4 _aJesuitas
_95348
852 _aES-MaACL
_jD-2555
_z-- Enc. hol.
999 _c156321
_d156321